Statistiche per Elenca i Pianeti

Clicka qui per fare il quiz!

Statistiche generali

  • Questo quiz è stato fatto 1.737 volte
  • Il punteggio medio è 7 su 8

Statistiche sulle risposte

Pianeta% Corretto
Terra
98%
Saturno
98%
Marte
96%
Giove
96%
Venere
94%
Mercurio
93%
Urano
87%
Nettuno
87%

Distribuzione punteggi

Percentile per numero di risposta

Percentuale di utenti per punteggio

I tuoi punteggi nel tempo

Non hai fatto questo quiz